000 02041cam a2200157 4500500
005 20260208005931.0
041 _afre
042 _adc
100 1 0 _aCollinet, Jean-Pierre
_eauthor
245 0 0 _aCHARLES MAZOUER, Le Théâtre français de l’Âge classique, 1. Le premier XVIIe siècle. Paris, Honoré Champion (Dictionnaires et références, 16), 2006. Un vol. de 23 × 16 de 612 p.
260 _c2008.
500 _a78
520 _aPierre Mertens et Paul Louis-Combet, romanciers d’expression française contemporains, ont pris pour objet, dans leurs textes respectifs Les Éblouissements et Blesse, ronce noire, les deux poètes Gottfried Benn et Georg Trakl. Pareillement marqués par l’expérience de la guerre malgré leur sort tout différent, ces deux figures majeures de l’expressionnisme ont manifesté une certaine dérision de l’héroïsme : aux images morbides de Benn, telles un antidote cruel à tout réflexe idéalisant, répond le refuge autodestructeur de Trakl dans un « âge d’or » brisé, dont ne demeure que la souffrance et le sentiment d’une inexpiable culpabilité. Si le roman de Pierre Mertens, reconstituant au plus près le parcours déroutant et souvent contradictoire de Benn, met en lumière la genèse intellectuelle d’une passivité aboutissant de manière aberrante à une complicité avec le régime nazi, celui de Paul Louis-Combet s’engage dans une mimesis poétique de la conscience délabrée de Trakl, dans laquelle les mystères sexuels s’agrègent au sentiment d’une apocalypse générale. Au rebours d’un certain conformisme viril, fruit d’une idéologie de guerre, l’un comme l’autre ont adopté l’indéfinition d’un « Moi tardif » (Späte Ich), qu’on peut analyser comme un refus viscéral de l’Histoire.
786 0 _nRevue d'histoire littéraire de la France | 108 | 1 | 2008-04-18 | p. 197g-254g | 0035-2411
856 4 1 _uhttps://shs.cairn.info/revue-d-histoire-litteraire-de-la-france-2008-1-page-197g?lang=fr&redirect-ssocas=7080
999 _c1654437
_d1654437